Central Library OPAC University of Rajshahi

নবগীতিকা : (Record no. 52961)

MARC details
000 -LEADER
fixed length control field 00954nam a2200253 a 4500
001 - CONTROL NUMBER
control field 52961
003 - CONTROL NUMBER IDENTIFIER
rucl marc code BD-RjUL
005 - DATE AND TIME OF LATEST TRANSACTION
control field 20211209075904.0
008 - FIXED-LENGTH DATA ELEMENTS--GENERAL INFORMATION
fixed length control field 161001r20081937b ||||| |||| 00| 0 eng d
020 ## - INTERNATIONAL STANDARD BOOK NUMBER
International Standard Book Number 9788175222632 (V-14)
Terms of availability : 55.00
International Standard Book Number 9788175220215 (Set)
035 ## - SYSTEM CONTROL NUMBER
System control number (BD-RjUL)53081
040 ## - CATALOGING SOURCE
Original cataloging agency BD-RjUL
Language of cataloging eng
Transcribing agency BD-RjUL
041 ## - LANGUAGE CODE
Language code of text/sound track or separate title eng
082 ## - DEWEY DECIMAL CLASSIFICATION NUMBER
Edition number 23
Classification number 781.1
Author mark and year TAN 2006
100 1# - MAIN ENTRY--PERSONAL NAME
Personal name ঠাকুর, রবীন্দ্রনাথ
9 (RLIN) 158321
245 10 - TITLE STATEMENT
Title নবগীতিকা :
Remainder of title প্রথম খণ্ড /
Statement of responsibility, etc. রবীন্দ্রনাথ ঠাকুর
260 ## - PUBLICATION, DISTRIBUTION, ETC. (IMPRINT)
Place of publication, distribution, etc. কলকাতা :
Name of publisher, distributor, etc. বিশ্বভারতী গ্রন্থবিভগ,
Date of publication, distribution, etc. ১৯২২ [পুনর্মদ্রণ ২০০৬]
300 ## - PHYSICAL DESCRIPTION
Pagination ১০৪ পৃ ;
Size ২৭ সেমি.
490 ## - SERIES STATEMENT
Series statement স্বরবিতান ;
Volume/sequential designation ১৪
650 ## - SUBJECT ADDED ENTRY--TOPICAL TERM
Topical term or geographic name as entry element সঙ্গীত
9 (RLIN) 158322
Topical term or geographic name as entry element Music
9 (RLIN) 150469
942 ## - ADDED ENTRY ELEMENTS (KOHA)
Source of classification or shelving scheme Dewey Decimal Classification
Koha item type Books
Holdings
Lost status Source of classification or shelving scheme Damaged status Not for loan Collection code Permanent Location Current Location Shelving location Date acquired Source of acquisition Cost, normal purchase price Total Checkouts Full call number Date last seen Copy number Koha item type
  Dewey Decimal Classification     Non-fiction Central Library, University of Rajshahi Central Library, University of Rajshahi   28/05/2011 Dhaka,Paragon Enterprise Lit., 3451.00   B 781.1 TAN 2008 01/10/2016 C-2 Books